| 000 | 00815nam a22002777a 4500 | ||
|---|---|---|---|
| 003 | CHAP | ||
| 005 | 20220329133907.0 | ||
| 008 | 971013s1981 r 00010 d | ||
| 010 | _a12357 | ||
| 011 | _a13329 | ||
| 035 | _a17400 | ||
| 040 | _cCHAP | ||
| 082 |
_a519.5 _bG55Y |
||
| 100 | 0 | 0 |
_aGilbert, Norma M. _947974 |
| 245 | _aEstadística | ||
| 260 |
_aMéxico, D.F. : _bInteramericana, _c1981 |
||
| 300 |
_a346 p. _b: ilus. ; gráfs. |
||
| 590 |
_aBATCH-UPD _b10 _c20130110 _lUCH01 _h2105 |
||
| 590 |
_aBATCH-UPD _b10 _c20130410 _lUCH01 _h1417 |
||
| 590 |
_aBATCH-UPD _b10 _c20130914 _lUCH01 _h1323 |
||
| 590 |
_aCONVERSION _b10 _c20130109 _lUCH01 _h1308 |
||
| 650 | 1 | 4 |
_aEstadística. _938241 |
| 901 | _aBK | ||
| 942 | _cLIBRO | ||
| 949 |
_a519.5 G55Y _bBC _cLIBRO _d33724000610614 _eLIBRO _gI.126038 _h65423 _i17400 _si |
||
| 999 |
_c12357 _d12357 |
||